000 02122nam a22003137a 4500
005 20120207152323.0
010 _aB-481953-961
020 _a9788181467003
_c250.00
020 _a8181467000
_c250.00
035 _aB-481953-961
037 _bBlue Berry/Ven
082 _aN
100 _aVinayan, B
_953764
245 _aBeyond the blue river
_cB.Vinayan
260 _aChennai
_bTulika publishers
_c2011
270 _a13, Prithvi Avenue first street,Abhiramapuram
_bChennai
_e600018
300 _a243p.
_b22cm
942 _2ddc
_cEN
_mVIN
_hN
999 _c62198
_d62198